गृह विज्ञान शिक्षण / (Record no. 121402)

MARC details
000 -LEADER
fixed length control field 01232nam a22002777a 4500
003 - CONTROL NUMBER IDENTIFIER
control field dpl
005 - DATE AND TIME OF LATEST TRANSACTION
control field 20190506121344.0
008 - FIXED-LENGTH DATA ELEMENTS--GENERAL INFORMATION
fixed length control field 190506b ||||| |||| 00| 0 eng d
010 ## - LIBRARY OF CONGRESS CONTROL NUMBER
LC control number B-245648
020 ## - INTERNATIONAL STANDARD BOOK NUMBER
Terms of availability 250.00
International Standard Book Number 8189462415
035 ## - SYSTEM CONTROL NUMBER
System control number B-245648, B-245663
037 ## - SOURCE OF ACQUISITION
Source of stock number/acquisition Cen Lib/Ret
040 ## - CATALOGING SOURCE
Original cataloging agency DPL
Language of cataloging HN
Transcribing agency 0
082 ## - DEWEY DECIMAL CLASSIFICATION NUMBER
Classification number 640.711
Item number शर्माश
100 ## - MAIN ENTRY--PERSONAL NAME
Personal name शर्मा, शकुंतला
9 (RLIN) 97082
245 ## - TITLE STATEMENT
Title गृह विज्ञान शिक्षण /
Statement of responsibility, etc शकुंतला शर्मा
246 ## - VARYING FORM OF TITLE
Title proper/short title Grih vigyan shikshan /
Remainder of title by Shakuntala Sharma
260 ## - PUBLICATION, DISTRIBUTION, ETC. (IMPRINT)
Place of publication, distribution, etc जयपुर
Name of publisher, distributor, etc अपोलो प्रकाशन
Date of publication, distribution, etc 2008
270 ## - ADDRESS
City जयपुर
Address 25, सिद्धेश्वर महादेव मंदिर के पीछे, पिंक सिटी, राजापार्क
300 ## - PHYSICAL DESCRIPTION
Extent 184पृ. :
Dimensions 20सेमी(सजिल्द )
Other physical details सचित्र
650 ## - SUBJECT ADDED ENTRY--TOPICAL TERM
Topical term or geographic name as entry element गृह विज्ञान
General subdivision
Geographic subdivision
9 (RLIN) 86966
650 ## - SUBJECT ADDED ENTRY--TOPICAL TERM
Topical term or geographic name as entry element गृह विज्ञान -- शिक्षण
9 (RLIN) 76361
650 ## - SUBJECT ADDED ENTRY--TOPICAL TERM
Topical term or geographic name as entry element Home Science
9 (RLIN) 89348
650 ## - SUBJECT ADDED ENTRY--TOPICAL TERM
Topical term or geographic name as entry element Home Science - Education
9 (RLIN) 97083
942 ## - ADDED ENTRY ELEMENTS (KOHA)
Source of classification or shelving scheme Dewey Decimal Classification
Koha item type Hindi Books
Classification part 640.711
Call number suffix शर्माश
Holdings
Withdrawn status Lost status Damaged status Not for loan Home library Current library Date acquired Source of acquisition Cost, normal purchase price Total Checkouts Full call number Barcode Date last seen Copy number Cost, replacement price Price effective from Koha item type Source of classification or shelving scheme Collection code
        Central Library Central Library 06/10/2015 Cen Lib/Ref 250.00   640.711 शर्माश B-245648 06/10/2015 1 250.00 06/10/2015 Hindi Books    
        Shahdara Branch Shahdara Branch 06/05/2019 BPPD/PUB 250.00   640.711 शर्माश B-245663 06/05/2019   250.00 06/05/2019 Hindi Books Dewey Decimal Classification Non-fiction

© Delhi Public Library
Hit Counter
free hit counter